000 00441cam a2200145 4500500
005 20251012012357.0
041 _afre
042 _adc
100 1 0 _aMorisson, Batiste
_eauthor
245 0 0 _aPersonne
260 _c2022.
500 _a63
786 0 _nPhilosophie magazine | 164 | 11 | 2022-11-01 | p. 51-51 | 1951-1787
856 4 1 _uhttps://shs.cairn.info/magazine-philosophie-magazine-2022-11-page-51?lang=fr&redirect-ssocas=7080
999 _c1526497
_d1526497